Sports Quiz

Random Sports or Baseball Quiz

MLB All-Star Appearances Quiz Stats

 Plays Quiz Updated Oct 14, 2018

     
Support Sporcle.
Go Orange.
Score 0/31 Timer 08:00
10 Plays Today
Appearances Player % Correct
14Derek Jeter
84.8%
25Hank Aaron
78%
19Cal Ripken Jr.
77.6%
14Barry Bonds
77.4%
20Mickey Mantle
77%
24Willie Mays
76.9%
19Ted Williams
71.6%
14Ivan Rodriguez
70.9%
17Pete Rose
66%
13Ken Griffey Jr.
65.8%
13Joe DiMaggio
64%
18Brooks Robinson
58.7%
14Frank Robinson
58.7%
14Reggie Jackson
55.8%
14Johnny Bench
54%
18Yogi Berra
52.9%
Appearances Player % Correct
24Stan Musial
52.3%
15Ozzie Smith
51.6%
15Tony Gwynn
49.3%
15Roberto Clemente
46.6%
14Alex Rodriguez
43.6%
13Mariano Rivera
43.3%
13George Brett
42.1%
14Ernie Banks
37.1%
13Harmon Killebrew
36%
18Al Kaline
29.9%
18Rod Carew
29.2%
18Carl Yastrzemski
28.9%
15Nellie Fox
28.6%
17Warren Spahn
18.1%
13Luis Aparicio
10.8%

From the Vault

5-Letter Anagram Image Challenge

by sproutcm

Beach, beard, beefy? No, wait, those aren't anagrams.
Remove Ads.
Support Sporcle.
Get the best of Sporcle when you Go Orange. This ad-free experience offers more features, more stats, and more fun while also helping to support Sporcle. Thank you for becoming a member.

Show Comments

Extras

Top Quizzes Today


Score Distribution

Your Account Isn't Verified!

In order to create a playlist on Sporcle, you need to verify the email address you used during registration. Go to your Sporcle Settings to finish the process.

Report this User

Report this user for behavior that violates our Community Guidelines.

Details: